Pirates of the Caribbean: Who Killed Who? - Statistics

General Stats
  • This quiz has been taken 169 times
  • The average score is 6 of 10
Answer Stats
Character Killed By % Correct
Hector Barbossa Jack Sparrow
85%
Davy Jones Will Turner
82%
Will Turner Davy Jones
79%
Jack Sparrow The Kraken
78%
The Kraken Davy Jones
69%
Admiral James Norrington Bootstrap Bill
62%
Mr Mercer Davy Jones
46%
Captain Salazar Hector Barbossa
38%
Blackbeard Hector Barbossa
32%
Governor Swann Mr Mercer
23%
No matching quizzes found
Score Distribution
Percent of People with Each Score
Percentile by Number Answered
Your Score History
You have not taken this quiz